000 00819nam a2200265Ia 4500
003 OSt
005 20220925205013.0
006 a|||||r|||| 00| 0
007 ta
008 220923b |||||||| |||| 00| 0 eng d
020 _a033374098X
037 _cGeneral Book
040 _aRTL
_cRTL
_beng
041 _2eng
_aeng
082 _aX:533.40j17,hN89, N8
100 _aMorrison Charles E
_9269439
245 0 _aAsia-Pacific crossroads
_b Regime creation and the f
260 _aHampshire
_bMacmillan
_c1998
300 _axii, 434p Bibliography: P 407-25
_ccm.
650 _a Economics
650 _aFreeTrade
_9258908
700 _a Aggarwal Vinod K Ed
_9269440
942 _hX:533.40j17,hN89, N8
_cGB
_2CC
999 _c550969
_d550969